000 00655nam a2200217Ia 4500
005 20260601193243.0
008 260601s9999||||xx |||||||||||||| ||und||
020 _a978-3-031-60511-6
_qebk
100 _aMayumi Bono
245 0 _aNew Frontiers in Artificial Intelligence
250 _a2024
260 _aHeidelberg, Germany
_bSpringer Nature
_c2024
440 _aLecture Notes in Computer Science
650 _aComputer Science
700 _aKen Satoh
700 _aLe-Minh Nguyen
700 _aSetsuya Kurahashi
700 _aYasufumi Takama
856 _uhttps://link.springer.com/openurl?genre=book&isbn=978-3-031-60511-6
942 _cEB
_2ddc
999 _c56475
_d56475